All Kane Brown Songs - Statistics

General Stats
  • This quiz has been taken 74 times
    53 since last reset
  • The average score is 27 of 72
Answer Stats
Album Song % Correct
Different Man Thank God
73%
Kane Brown What Ifs
70%
Single #2 One Thing Right
68%
Kane Brown Heaven
65%
Single #5 Be Like That
60%
Experiment Good as You
60%
Different Man Grand
60%
Experiment Homesick
60%
Experiment Lose It
60%
Different Man Like I Love Country Music
55%
Different Man One Mississippi
55%
Experiment For My Daughter
53%
Single #3 Cool Again
50%
Different Man Different Man
48%
Kane Brown Found You
48%
Different Man Bury Me in Georgia
45%
Chapter 1 Used to Love You Sober
45%
Kane Brown What's Mine Is Yours
45%
Single #8 Famous Friends
43%
Different Man Leave You Alone
43%
Experiment Like a Rodeo
43%
Single #10 Memory
43%
Different Man Whiskey Sour
43%
Experiment Baby Come Back to Me
40%
Kane Brown Hometown
40%
Experiment Lost in the Middle of Nowhere
38%
Experiment Short Skirt Weather
38%
Experiment Work
38%
Kane Brown Ain't No Stopping Us Now
35%
Experiment American Bad Dream
35%
Kane Brown Cold Spot
35%
Different Man Devil Don't Even Bother
35%
Experiment It Ain't You It's Me
35%
Single #6 Last Time I Say Sorry
35%
Experiment Live Forever
35%
Experiment One Night Only
35%
Different Man Pop's Last Name
35%
Kane Brown Setting the Night on Fire
35%
Kane Brown Thunder in the Rain
35%
Single #9 Worship You
35%
Closer Closer
33%
Kane Brown Comeback
33%
Different Man Drunk or Dreamin'
33%
Chapter 1 Excuses
33%
Kane Brown Granddaddy's Chair
33%
Chapter 1 Last Minute Late Night
33%
Kane Brown Learning
33%
Different Man Losing You
33%
Different Man Riot
33%
Kane Brown Rockstars
33%
Experiment Weekend
33%
Chapter 1 Wide Open
33%
Kane Brown Better Place
30%
Different Man Nothin' I'd Change
30%
Scoob! The Album On Me
30%
Kane Brown Pull It Off
30%
Different Man See You Like I Do
30%
Single #11 Blessed & Free
28%
Different Man Go Around
28%
Chapter 1 There Goes My Everything
28%
Single #4 Worldwide Beautiful
28%
Different Man Dear Georgia
25%
Closer Don't Go City on Me
25%
Closer It Turns Me On
23%
Closer Hit the Gas
20%
Free Spirit Saturday Nights (Remix)
20%
Closer Lost More Than I Found
18%
Closer Forgetting Is the Hardest Part
15%
Single I Love That I Hate You
13%
Single #12 Blue Christmas
10%
Single #7 Drift Away
3%
Experiment My Where I Came From
3%
No matching quizzes found
Score Distribution
Percent of People with Each Score
Percentile by Number Answered
Your Score History
You have not taken this quiz since the last reset